Top 5 European Leagues Top Assisters: 2016/17 - Statistics

General Stats
  • This quiz has been taken 12 times
  • The average score is 16 of 29
Answer Stats
League Assists Club Nationality Player % Correct
La Liga 14 Barcelona Brazil Neymar
100%
Premier League 16 Tottenham Denmark Christian Eriksen
92%
Premier League 18 Manchester City Belgium Kevin De Bruyne
92%
La Liga 12 Barcelona Argentina Lionel Messi
92%
Premier League 11 Arsenal Germany Mesut Ozil
92%
Bundesliga 15 Bayern Munich Germany Thomas Muller
92%
La Liga 12 Real Madrid Germany Toni Kroos
92%
Bundesliga 11 Bayern Munich Netherlands Arjen Robben
83%
Premier League 12 Chelsea Spain Cesc Fabregas
83%
Premier League 13 Swansea Iceland Gylfi Sigurdsson
83%
Serie A 13 Roma Egypt Mohamed Salah
83%
Serie A 12 Roma Bosnia and Herzegovina Edin Dzeko
75%
Bundesliga 22 Leipzig Sweden Emil Forsberg
75%
Ligue 1 11 Monaco France Kylian Mbappe
58%
Serie A 11 Juventus Bosnia and Herzegovina Miralem Pjanic
58%
Bundesliga 13 Borussia Dortmund France Ousmane Dembele
58%
Ligue 1 11 Monaco Portugal Bernardo Silva
50%
Serie A 13 Napoli Spain Jose Callejon
42%
Serie A 12 Atalanta Argentina Papu Gomez
42%
Bundesliga 11 Freiburg Italy Vincenzo Grifo
42%
Ligue 1 10 Marseille France Florian Thauvin
25%
Bundesliga 11 Bayer Leverkusen Germany Julian Brandt
25%
Ligue 1 10 Nice Ivory Coast Jean Michael Seri
17%
Ligue 1 12 Monaco France Thomas Lemar
17%
Serie A 11 Inter Italy Antonio Candreva
8%
La Liga 11 Espanyol Argentina Pablo Piatti
8%
Ligue 1 10 Dijon France Lois Diony
0%
La Liga 15 Barcelona Uruguay Luis Sanchez
0%
Ligue 1 14 Montpellier/Marseille France Morgan Sanson
0%
No matching quizzes found
Score Distribution
Percent of People with Each Score
Percentile by Number Answered
Your Score History
You have not taken this quiz